000 00501nam a2200181Ia 4500
005 20250326142804.0
008 250326s9999 xx 000 0 und d
037 _aTextbook
040 _aFMSL
_beng
_cFMSL
041 _aeng
_2eng
084 _aX:95 M3
_qFMSL
100 _aSinha R K
245 0 _aLabour mobilisation and maximining employment
_cSinha R K
260 _aNew Delhi
_bNew Delhi, Deep & Deep
_c1983
300 _a218p
942 _cTB
_hX:95 M3
999 _c1296639
_d1296639